000 00871cam a2200277 a 4500
005 20260322212024.0
008 data
010 _a 2005910784
020 _a1592575005 (pbk.)
020 _a9781592575008 (pbk.)
040 _aDLC
_cDLC
_dDLC
050 0 0 _aBF121
_b.J64 2006
082 0 0 _a150
_222
092 _a150 J64 2006
100 1 _aJohnston, Joni E.,
_d1960-
245 1 4 _aThe complete idiot's guide to psychology /
_cJoni E. Johnston.
246 3 0 _aPsychology
250 _a3rd ed.
260 _aNew York, N.Y. :
_bAlpha,
_cc2006.
300 _axxvii, 434 p. ;
_c24 cm.
500 _aIncludes index.
650 0 _aPsychology.
856 4 2 _3Contributor biographical information
_uhttp://www.loc.gov/catdir/enhancements/fy0721/2005910784-b.html
856 4 2 _3Publisher description
_uhttp://www.loc.gov/catdir/enhancements/fy0721/2005910784-d.html
001 data
999 _c544
_d544